000 02069njm a2200349 c 4500
003 BLK
005 20230322105505.0
008 180410b bul||n||s|||||||| n|bulo|
010 _aCDD00004180000
040 _aBLK
041 _aBUL
_cBUL
080 _aЕвропейски съюз - политически аспекти
_b327.7:061.1ЕС
_x(075.3.034)
_z327.7:061.1ЕС(075.3.034)
080 _aЕвропейски съюз (икон. аспекти)
_b339.923:061.1ЕС
_x(075.3.034)
_z339.923:061.1ЕС(075.3.034)
100 1 _aШикова, Ингрид Симеонова
_9368456
700 1 _aПетров, Ясен
_eмузика
_9354709
139 _aЕвропа 2001
_bЕ 19
245 1 0 _aЕвропа 2001[CD-ROM]
_cИнгрид Симеонова Шикова; музика Ясен Петров.
257 _aBGR
260 София
_bИнст. за европ. изследвания и информ.
_c2001
300 _a(100 МВ)
_bцв., зв.
380 _a3
500 _aCD 636 e към книга със сигн. 215301 Изт. Загл. екран ; Книга. - Др. авт. Кр. Й. Николов, И. Ескенази, Р. Велинова. - Съдържа : Cat ; Video. - Системни изисквания : Pntium Processor ; Win 9xx ; High Color 16 B ; CD-ROM. - Дигитално изд. - Съдържа и Терминол. българско-английски речник ; Игри ; Тестове; Европа в карикатури ; Музика Интегрирана Европа на компактдиск - пилотен проект Уч. комплект от Сборник и компактдиск
590 _aS.N: 112250 от КНИГИ
650 4 _aЕвропейски съюз - програми
_9274379
653 _aЕвропейски съюз
653 _aучебни помагала
852 _aЦб CD 636
_p0
856 4 _qpdf
_u
856 4 _qpdf
_u
942 _cCDD
_n0
944 _aCR
_c13.04.2004
_kЦветанка_Енчева
944 _aED
_c20.04.2004
_k
999 _c222177
_d222177